1942 1579 1998 1137 1985 1689 1027 1763 1577 1817 1835 1745 1976 1655 1087 1590 1508 1748 1337 1117 1280 1981 1902 1613 1076 1795 1357 1466 1347 1693 1235 1463 1452 1247 1095 1110 1171 1684 1834 1551 1728 1821 1885 1418 1409 1666 1394 1386 1339 1636 2000 1812 1837 1243 1794 1580 1139 1607 1689 1256 1135 1742 1051 1376 1762 1826 1758 1932 1133 1265 1969 1448 1246 1133 1078 1032 1312 1744 1902 1754 1132 1425 1217 1486 1532 1277 1597 1610 1779 1779 1132 1071 1586 1808 1937 1152 1141 1960 1935 BCNSPRNW ULIB Ver.6.0+V

เปลี่ยนเป็นภาษาไทย

Change to English
 แสดงรายละเอียดบรรณานุกรม
  กลับหน้าหลัก

Brief Record : Get Marc (ISO 2709) : E-mail record : QR code < ปิดหน้าต่าง
LEADER : 00000nam 2200000uu 4500
001    13399127500
003     ULIB
008    020711s2562 th a 000 0 tha d
020    ^a9786160038190
050  0 ^aนว^bธ739ห
100    ^aธุวัฒธรรพ์
245    ^aหนึ่งถ้อยร้อยรัก
250    ^aพิมพ์ครั้งที่ 1
260    ^aกรุงเทพฯ :^bพิมพ์คำ,^c2562
300    ^a303 หน้า;^b26 ซม.
650    ^aนวนิยาย
945    ^p210^l0^i007102
999    ^aอังศุธร กาญจนาโรจน์พันธ์
รายการนี้ยังไม่มีแท็ก
คุณยังไม่ได้ล็อกอิน คุณสามารถมีกิจกรรมร่วมกับเว็บไซต์ได้ แต่ต้องล็อกอินก่อน ::
  ล็อกอิน

รายการสื่อสารสนเทศ

ลำดับที่ ประเภท เลขเรียก/บาร์โค้ด สถานที่ สถานะ
1. นวนิยาย
นวนิยาย
นว ธ739ห ฉ.1 
  Barcode: 007102
ห้องสมุดวิทยาเขตสวรรค์ประชารักษ์
►หนังสือทั่วไป
บนชั้น

รายการใกล้เคียง
    ชื่อเรื่อง [หนึ่งถ้อยร้อยรัก]

    ผู้แต่ง [ธุวัฒธรรพ์]

    หัวเรื่อง [นวนิยาย]

BibComment


ยังไม่เคยถูกคอมเมนท์

คอมเมนท์ทรัพยากรรายการนี้
  คอมเมนท์: หนึ่งถ้อยร้อยรัก


 Copyright 2026. Bcnsprnw @Library